All 5k+ Cities in Oklahoma on a Map - Statistics

General Stats
  • This quiz has been taken 370 times
  • The average score is 26 of 75
Answers on the Map
Answers color-coded by a green-red scale on the quiz's map according to % correct below.
 
Answer Stats
Population City % Correct
681,054 Oklahoma City
99%
413,066 Tulsa
98%
128,026 Norman
76%
113,540 Broken Arrow
74%
90,381 Lawton
59%
94,428 Edmond
58%
51,308 Enid
58%
48,394 Stillwater
57%
62,793 Moore
52%
36,878 Muskogee
49%
12,965 Guymon
48%
58,409 Midwest City
46%
31,377 Shawnee
45%
24,725 Ardmore
43%
16,481 Ada
42%
37,290 Bartlesville
42%
24,424 Ponca City
40%
16,989 El Reno
38%
25,949 Jenks
38%
28,609 Bixby
37%
12,969 Miami
37%
38,240 Owasso
37%
23,630 Yukon
37%
18,589 Durant
36%
19,879 Mustang
36%
18,171 McAlester
35%
12,182 Choctaw
34%
10,749 Guthrie
34%
21,929 Sapulpa
34%
12,133 Woodward
34%
6,961 Idabel
33%
18,729 Altus
32%
19,580 Claremore
32%
21,822 Del City
32%
16,209 Tahlequah
32%
16,051 Chickasha
31%
11,561 Elk City
31%
22,692 Duncan
30%
10,984 Newcastle
30%
11,322 Okmulgee
30%
19,874 Sand Springs
30%
20,831 Bethany
29%
7,146 Seminole
28%
5,028 Alva
27%
5,745 Anadarko
27%
5,166 Hugo
27%
5,992 Pauls Valley
27%
8,807 Poteau
27%
6,651 Purcell
27%
5,065 Sulphur
26%
5,193 Vinita
26%
12,076 Weatherford
25%
8,521 Clinton
24%
7,881 Collinsville
24%
9,654 Coweta
24%
13,691 Glenpool
24%
5,640 Henryetta
24%
7,413 Tuttle
24%
7,621 Wagoner
24%
7,440 Catoosa
23%
6,985 Noble
23%
6,302 Tecumseh
23%
9,538 The Village
23%
6,956 Grove
22%
7,402 Piedmont
22%
9,444 Pryor Creek
22%
8,510 Sallisaw
22%
8,879 Blanchard
21%
8,327 Cushing
21%
8,450 Skiatook
21%
5,934 Holdenville
20%
10,452 Warr Acres
20%
6,085 Blackwell
19%
6,245 Harrah
19%
5,256 Verdigris
18%
No matching quizzes found
Score Distribution
Percent of People with Each Score
Percentile by Number Answered
Your Score History
You have not taken this quiz